000 00397nam a2200157Ia 4500
008 230312s9999||||xx |||||||||||||| ||und||
020 _a0-07-04533-8
082 _a621.3848
_bSKO-I
100 _aSkolnik,Merrill,i
245 0 _aIntroduction to Radar Systems
260 _bTata McGraw Hill
_aIndia
_c2001
300 _a222
546 _aEng.
650 _aEngineering
_vRadar Equation
942 _cBK
999 _c6274
_d6274